Terrorism and global security : (Record no. 1404)
[ view plain ]
| 000 -LEADER | |
|---|---|
| fixed length control field | nam a22 7a 4500 |
| 005 - DATE AND TIME OF LATEST TRANSACTION | |
| control field | 20170509140424.0 |
| 008 - FIXED-LENGTH DATA ELEMENTS--GENERAL INFORMATION | |
| fixed length control field | 170509b1987 - ||||| |||| 00| 0 eng d |
| 020 ## - INTERNATIONAL STANDARD BOOK NUMBER | |
| International Standard Book Number | 0813304113 |
| 040 ## - CATALOGING SOURCE | |
| Original cataloging agency | AKMAL |
| 082 ## - DEWEY DECIMAL CLASSIFICATION NUMBER | |
| Classification number | 303.625 BER |
| 090 ## - LOCALLY ASSIGNED LC-TYPE CALL NUMBER (OCLC); LOCAL CALL NUMBER (RLIN) | |
| Classification number (OCLC) (R) ; Classification number, CALL (RLIN) (NR) | 303.625 |
| Local cutter number (OCLC) ; Book number/undivided call number, CALL (RLIN) | BER |
| 100 1# - MAIN ENTRY--PERSONAL NAME | |
| Personal name | Beres, Louis René |
| 9 (RLIN) | 2758 |
| 245 ## - TITLE STATEMENT | |
| Title | Terrorism and global security : |
| Remainder of title | the nuclear threat / |
| Statement of responsibility, etc. | by Louis René Beres |
| 250 ## - EDITION STATEMENT | |
| Edition statement | 2nd ed., rev. and updated |
| 260 ## - PUBLICATION, DISTRIBUTION, ETC. | |
| Place of publication, distribution, etc. | Boulder, CO : |
| Name of publisher, distributor, etc. | Westview Press, |
| Date of publication, distribution, etc. | 1987 |
| 300 ## - PHYSICAL DESCRIPTION | |
| Extent | 156p |
| Dimensions | cm |
| 490 0# - SERIES STATEMENT | |
| Series statement | Westview special studies in national and international terrorism |
| 942 ## - ADDED ENTRY ELEMENTS (KOHA) | |
| Source of classification or shelving scheme | |
| Koha item type | Book |
| Withdrawn status | Lost status | Source of classification or shelving scheme | Damaged status | Not for loan | Collection code | Home library | Current library | Shelving location | Date acquired | Inventory number | Total Checkouts | Full call number | Barcode | Date last seen | Price effective from | Koha item type |
|---|---|---|---|---|---|---|---|---|---|---|---|---|---|---|---|---|
| NON-FICTION | AKMAL Melaka | AKMAL Melaka | PINJAMAN | 09.05.2017 | 301987 | 303.625 BER | 201702684 | 09.05.2017 | 09.05.2017 | Book |
